000 00541nam a2200241Ia 4500
003 OSt
005 20221005122419.0
006 a|||||r|||| 00| 0
007 ta
008 221004b |||||||| |||| 00| 0 eng d
024 _a70175
037 _cTextual
040 _aCRL
_cCRL
_beng
041 _2eng
_aeng
082 _aY12, M5
110 _aUNESCO
245 0 _aJeunesses youth juventudes
260 _c1980
650 _aSOCIOLOGY
700 _aUNESCO
942 _hY12, M5
_cTEXL
_2cc
999 _c1044213
_d1044213